|
|
|
|
| LEADER |
00945nam a22002532a 4500 |
| 001 |
001433580 |
| 003 |
CZ BrMZK |
| 005 |
20150430145914.0 |
| 007 |
ta |
| 008 |
141103s1949 pl er|||||||||||pol d |
| 040 |
|
|
|a BOA001
|b cze
|
| 100 |
1 |
|
|a Bornus, Leon
|4 aut
|
| 245 |
1 |
0 |
|a Spółdzielczy zbyt zwierząt rzeźnych w Lubelszcyźnie /
|c Leon Bornus
|
| 260 |
|
|
|a Lublin :
|b Katolicki Uniwersytet Lubelski,
|c 1949
|
| 300 |
|
|
|a 275 s.
|
| 490 |
1 |
|
|a Rozprawy Wydziału Nauk Społecznych ;
|v 8
|
| 504 |
|
|
|a Obsahuje bibliografii
|
| 550 |
|
|
|a Vydavatel: Towarzystwo Naukowe Katolickiego Uniwersytetu Lubelskiego
|
| 710 |
2 |
|
|a Katolicki Uniwersytet Lubelski
|7 kn20010711214
|
| 810 |
2 |
|
|a Towarzystwo Naukowe Katolickiego Uniwersytetu Lubelskiego.
|b Wydział Nauk Społecznych.
|t Rozprawy
|
| 910 |
|
|
|a BOA001
|b 2-0360.848
|
| 990 |
|
|
|a BK
|
| 991 |
|
|
|b 201411
|
| 996 |
7 |
|
|b 2618930919
|c 2-0360.848
|l MZK
|r Sklad / do 24 hodin
|n 0
|w 001468086
|u 000010
|a 1
|e BOA001
|j MZK50
|s A
|